| 000 | 01382nam0a22003251 4500 | ||
|---|---|---|---|
| 001 | RU\NLR\INFOCOMM_195\5000042222 | ||
| 005 | 20250613092119.0 | ||
| 035 | _a(NLR Aleph) 009142377 | ||
| 090 |
_a8343880 _c8343880 |
||
| 100 | _a20091022d1988 |||y0rusy50 ca | ||
| 101 | 0 | _arum | |
| 102 | _aRU | ||
| 105 | _aa ||||000|y | ||
| 200 | 1 |
_aPe calea spre secolul 21 _eCu prilejul celei de a 40-a aniversări a Consiliului de ajutor econ. reciproc _fNikolai Boroch, Vladimir Glagolev |
|
| 210 |
_aΜ. _cEd. Agenţiei de presă "Novosti" _d1988 |
||
| 215 |
_a93 с. _cил., портр. _d19 см |
||
| 300 | _aНа послед. с.: На пути в XXI век / Николай Викторович Борох, Владимир Сергеевич Глаголев | ||
| 601 | 0 | 2 |
_aСовет Экономической Взаимопомощи _2nlr_sh1 |
| 606 |
_aСоциалистические страны _xНародное хозяйство _2nlr_sh1 |
||
| 686 |
_aУ03(0)73 _2rubbk |
||
| 686 |
_aУ680-651 _2rubbk |
||
| 700 | 1 |
_9z01790 _aBoroch _bN. V. _f1934- _gNikolaj Viktorovič _4070 |
|
| 701 | 1 |
_9z02790 _aGlagolev _bV. S. _f1934- _gVladimir Sergeevič _4070 |
|
| 790 | 1 |
_9z01700 _aBoroch _bN. _gNikolai _4070 |
|
| 790 | 1 |
_9z02701 _aGlagolev _bV. _gVladimir _4070 |
|
| 801 | 1 |
_aRU _bNLR _c20091022 |
|
| 801 | 0 |
_aRU _bNLR _gPSBO |
|
| 852 |
_aNLR _jЭк21 Д-4/257 |
||
| 942 | _cBOOK | ||
| 980 | _aNB | ||